Rozpoznaj jedzenie po obrazku #2 - Statystyki

Ogólne statystyki
  • Ten quiz został rozwiązany 69 razy
  • Średni wynik to 7 z 8
Statystyki odpowiedzi
Obrazkowy Odpowiedź % Poprawnych
Chleb
97%
Frytki
97%
Ogórek
97%
Sałatka
91%
Naleśniki
88%
Kurczak
81%
Babeczki
76%
Pomidorowa
74%
Nie znaleziono quizów pasujących do podanych kryteriów
Rozkład punktacji
Procent ludzi z każdym wynikiem
Percentyl według liczby udzielonych odpowiedzi
Twoja historia wyników
Nie rozwiązałeś tego quizu